Los contratos y su tributación

Kaydedildi:
Detaylı Bibliyografya
Yazar: Walker Mena, Ricardo (Yazar)
Materyal Türü: Kitap
Dil:İspanyolca
Baskı/Yayın Bilgisi: Santiago LexisNexis 2005
Edisyon:1a. ed
Konular:
Etiketler: Etiketle
Etiket eklenmemiş, İlk siz ekleyin!

MARC

LEADER 00000nam a2200000 a 4500
001 UCK6228
003 CL-VaPUC
008 050909e20050700CL |||||||||||||||||spa|d
020 |a 9562385728 
082 0 4 |a 343.8304  |b WAL  |2 21 
100 0 |a Walker Mena, Ricardo  |e author  |9 495283 
245 1 4 |a Los contratos y su tributación 
250 |a 1a. ed 
300 |a 277 p 
942 |c BK 
945 |d 20050909 00:00:00  |a jcarroza 
260 |a Santiago  |b LexisNexis  |c 2005 
650 0 |a Derecho tributario  |9 258895 
650 0 |a Contratos  |9 255153 
650 0 |a Obligaciones tributarias  |9 383518 
650 0 |a Derecho comercial   |9 256340 
651 7 |a CHILE  |2 CL-VaPUC  |9 495284 
583 |a last modification  |c 20050909 00:00:00  |k Rodrigo Vera 
999 |c 314531  |d 314529 
952 |0 0  |1 0  |4 0  |6 343_830400000000000_WAL_2005  |7 0  |8 A  |9 386893  |a BIBGIM  |b BIBGIM  |d 2019-11-22  |i 4163192  |o 343.8304 WAL 2005  |p 4163192  |r 2025-01-15  |w 2019-11-22  |y BK  |k COM 
952 |0 0  |1 0  |4 0  |6 343_830400000000000_WAL_2005  |7 0  |8 A  |9 386894  |a BIBDER  |b BIBDER  |d 2019-11-22  |i 4200896  |o 343.8304 WAL 2005  |p 4200896  |r 2023-01-25  |w 2019-11-22  |y BK  |k DER